| LEADER | 00506cam a2200157 7i4500 | ||
|---|---|---|---|
| 001 | 0000010339 | ||
| 005 | 20011212090000.0 | ||
| 020 | 0 | 0 | |a 929137119 X |
| 090 | 0 | 0 | |a I 664.024 |b INT |
| 245 | 0 | 0 | |a International commercial sale of perishable goods : |b model contractract and users' guide. |
| 260 | 0 | 0 | |a Geneva: |b International Trade Center (ITC), |c 1999. |
| 300 | # | # | |a 78 p. |
| 650 | 0 | 0 | |a Food |
| 650 | 0 | 0 | |a Contracts |
| 710 | 2 | 1 | |a International Trade Center |
| 999 | |a 0000012930 |b Book |c International |e Business Information Centre | ||